Vzdělávání marketingových specialistů a očekávání marketingové praxe

Vybrané výsledky projektu analyzujúceho veľkosť a štruktúru marketingových komunikačných agentúr v ČR. Príprava na vzdelanie marketingových špecialistov a požiadavky praxe.

Enregistré dans:
Détails bibliographiques
Auteur principal: Roubal, Ondřej
Format: Chapitre de livre
Langue:tchèque
Sujets:
Tags: Ajouter un tag
Pas de tags, Soyez le premier à ajouter un tag!

MARC

LEADER 00000naa a2200000 4500
001 0159752
005 20230919105439.4
041 0 |a cze 
044 |a CZ 
245 1 0 |a Vzdělávání marketingových specialistů a očekávání marketingové praxe  |c Ondřej Roubal 
520 |a Vybrané výsledky projektu analyzujúceho veľkosť a štruktúru marketingových komunikačných agentúr v ČR. Príprava na vzdelanie marketingových špecialistov a požiadavky praxe. 
610 2 0 |a Česko 
610 2 0 |a školy vysoké 
610 2 0 |a vzdelávanie vysokoškolské 
610 2 0 |a výučba vedecká 
610 2 0 |a programy študijné 
610 2 0 |a projekty 
610 2 0 |a škola a prax 
100 1 |a Roubal, Ondřej